| 000 | 01617nam1a2200313 i 4500 | ||
|---|---|---|---|
| 001 | RU\NLR\b_ik\96868 | ||
| 005 | 20260407083219.0 | ||
| 035 | _a(NLR Aleph) 002170827 | ||
| 090 |
_a2652080 _c2652080 |
||
| 100 | _a20030414d20029999u y0rusy50 ba | ||
| 101 | 0 | _aeng | |
| 102 | _aRU | ||
| 105 | _a||||z ||||| | ||
| 200 | 1 |
_aEnglish reader for sociology students _f[Lomonosov Moscow state univ. fac. of foreign lang. Engl. lang. dep. for the humanities fac.] _gComp. a. adapt. by N.D. Starkova a. A.L. Burak |
|
| 210 |
_aM. _cРИЦ МГИУ _d2002- |
||
| 215 | _d20 | ||
| 463 | 1 |
_1001RU\NLR\b_ik\95573 _1200##$aPt. 1-2 _0RU\NLR\b_ik\95573 _92635737 _cБ. м. _d2002 _p319 с. _tEnglish reader for sociology students. - Pt. 1-2 _y5-276-00314-9 |
|
| 541 | 0 |
_aУчебник английского языка для студентов-социологов _zrus |
|
| 606 |
_aСоциология _jРуководства, пособия и т.п. для высшей школы _9893563 _3RU\NLR\AUTH\663357 |
||
| 606 |
_aСоциология _jУчебные издания для высшей школы _9893563 _3RU\NLR\AUTH\663357 |
||
| 606 | 0 |
_aАнглийский язык _jУчебные издания _9972309 _3RU\NLR\AUTH\6646032 |
|
| 686 | 4 | _aС5я73 | |
| 686 | 4 | _aШ143.21-93рус32 | |
| 702 | 1 |
_aStarkova _bN. D. _4220 |
|
| 712 | 0 | 2 |
_4570 _8eng _aLomonosov state university _cMoscow _bFaculty of foreign languages _7ba _3RU\NLR\AUTH\8810044060 _9587571 |
| 801 | 0 |
_aRU _bNLR _c20030414 _gPSBO |
|
| 852 |
_aNLR _bИк _j2003-3/360 |
||
| 942 | _cBOOK | ||